Shahrizat : (Record no. 117716)

MARC details
000 -LEADER
fixed length control field 00855nam a2200253 i 4500
001 - CONTROL NUMBER
control field C2-0316590
003 - CONTROL NUMBER IDENTIFIER
control field PPAK
005 - DATE AND TIME OF LATEST TRANSACTION
control field 20180728112641.0
008 - FIXED-LENGTH DATA ELEMENTS--GENERAL INFORMATION
fixed length control field 120801s2011 my a|||| ||||| | eng d
020 ## - INTERNATIONAL STANDARD BOOK NUMBER
International Standard Book Number 9789834302313
040 ## - CATALOGING SOURCE
Original cataloging agency PPAK
Language of cataloging eng
Transcribing agency PPAK
Description conventions rda
082 04 - DEWEY DECIMAL CLASSIFICATION NUMBER
Classification number 305.409595
Edition number 23
090 00 - LOCALLY ASSIGNED LC-TYPE CALL NUMBER (OCLC); LOCAL CALL NUMBER (RLIN)
Classification number (OCLC) (R) ; Classification number, CALL (RLIN) (NR) 305.409595
Feature heading VAS
Feature heading G
Classification number (OCLC) (R) ; Classification number, CALL (RLIN) (NR) 305.409595
Feature heading VAS
Feature heading R
100 0# - MAIN ENTRY--PERSONAL NAME
Personal name Vasanthi Ramachandran,
Relator term author
245 10 - TITLE STATEMENT
Title Shahrizat :
Remainder of title the voice of the Malaysia woman
264 #1 - PRODUCTION, PUBLICATION, DISTRIBUTION, MANUFACTURE, AND COPYRIGHT NOTICE
Place of production, publication, distribution, manufacture Kuala Lumpur :
Name of producer, publisher, distributor, manufacturer Kementerian Pembangunan, Wanita dan Masyarakat ,
Date of production, publication, distribution, manufacture, or copyright notice 2011
300 ## - PHYSICAL DESCRIPTION
Extent xiii, 273 pages :
Other physical details illustrations ;
Dimensions 23 cm
336 ## - CONTENT TYPE
Source rdacontent
Content type term text
337 ## - MEDIA TYPE
Source rdamedia
Media type term unmediated
338 ## - CARRIER TYPE
Source rdacarrier
Carrier type term volume
650 10 - SUBJECT ADDED ENTRY--TOPICAL TERM
Topical term or geographic name entry element Shahrizat Abdul Jalil, Dato' Seri. ; Shahrizat Abdul Jalil, Dato' Seri - Constribution to Women's Issues.
942 ## - ADDED ENTRY ELEMENTS (KOHA)
-- dc
Koha item type Book
Holdings
Withdrawn Not for loan Current library Shelving location Date acquired Total Checkouts Full call number Barcode Date last seen Koha item type
  Not For Loan Perpustakaan Alor Setar Rujukan Dewasa 01/08/2012   R 305.409595 VAS A00868195 09/05/2018 Book
  Not For Loan Perpustakaan Awam Sungai Petani Rujukan Dewasa 01/08/2012   R 305.409595 VAS A00868196 09/05/2018 Book
  Not For Loan Perpustakaan Jitra Rujukan Dewasa 07/10/2012   R 305.409595 VAS A00868491 09/05/2018 Book
  Not For Loan Perpustakaan Kulim Rujukan Dewasa 07/10/2012   R 305.409595 VAS A00868492 09/05/2018 Book
    PD07, Kg. Jelutong, Sik Pinjaman Dewasa 12/01/2016   305.409595 VAS A00876499 09/05/2018 Book
  Not For Loan PD11, Felda Teloi Kanan, Kuala Ketil Rujukan Dewasa 07/10/2012   R 305.409595 VAS A00868495 09/05/2018 Book
  Not For Loan PD12, Kg. Padang, Baling Rujukan Dewasa 07/10/2012   R 305.409595 VAS A00868493 09/05/2018 Book
  Not For Loan PD17, Kg. Binjul, Kuala Ketil Rujukan Dewasa 07/10/2012   R 305.409595 VAS A00868494 09/05/2018 Book
    PD20, Felda Lubuk Merbau, Pendang Pinjaman Dewasa 27/01/2022   305.409595 VAS A00744097 27/01/2022 Book
    PD20, Felda Lubuk Merbau, Pendang Pinjaman Dewasa 27/01/2022   305.409595 VAS A00744098 27/01/2022 Book
    PD38, KEDA Tanjung Setol, Pendang Pinjaman Dewasa 05/01/2015   305.409595 VAS A00872603 09/05/2018 Book
    PD38, KEDA Tanjung Setol, Pendang Pinjaman Dewasa 05/01/2015   305.409595 VAS A00872604 09/05/2018 Book